QUEST Central Library Banner

Electronics questions and answers (Record no. 12923)

MARC details
000 -LEADER
fixed length control field 00233nam a22001097a 4500
082 ## - DEWEY DECIMAL CLASSIFICATION NUMBER
Classification number 621.3815FAR
100 ## - MAIN ENTRY--AUTHOR NAME
Personal name Farrukh Saleem
245 ## - TITLE STATEMENT
Title Electronics questions and answers
260 ## - PUBLICATION, DISTRIBUTION, ETC. (IMPRINT)
Place of publication Karachi
Year of publication 1984
300 ## - PHYSICAL DESCRIPTION
Number of Pages 128
942 ## - ADDED ENTRY ELEMENTS (KOHA)
Koha item type Books
Holdings
Withdrawn status Lost status Home library Current library Date acquired Cost, normal purchase price Full call number Accession Number Koha item type
  Lost and Paid For Central Library, QUEST, Nawabshah Central Library, QUEST, Nawabshah 09/04/2015 20.00 621.3815FAR 8863 Books
    Central Library, QUEST, Nawabshah Central Library, QUEST, Nawabshah 09/04/2015 20.00 621.3815FAR 8865 Books
    Central Library, QUEST, Nawabshah Central Library, QUEST, Nawabshah 09/04/2015 20.00 621.3815FAR 8866 Books
    Central Library, QUEST, Nawabshah Central Library, QUEST, Nawabshah 09/04/2015 20.00 621.3815FAR 8867 Books
    Central Library, QUEST, Nawabshah Reference Section 09/04/2015 20.00 621.3815FAR 8864 Books

Copyright © 2018,The QUEST, Nawabshah, Shaheed Benazirabad. All rights reserved
Mr. G. Farooq Channar (Librarian) QUEST, Nawabshah, Sindh, Pakistan 67480.
 Ph#: |   0244-9370381-4 Ext. 2308   Email| lib@quest.edu.pk   Web|  http://www.quest.edu.pk